LEADER 01487nam a2200325 4500 001 000000346248 003 CaOOAMICUS 005 20210526101312.0 008 210526s2019 it 000 u ita r 020 $a978-88-551-9074-9 040 $aSeMil$bita 100 1 $aKlages, Ludwig.$0(OLS)http://semarc/name/113973 245 12$aL'anima e lo spirito /$cLudwig Klages ; a cura di Davide Di Maio ; traduzione di Remo Cantoni. 264 1$aMilano :$bMeltemi,$c2019. 300 $a301 p. ;$c21 cm 490 1 $aGli anelli di Saturno ;$v4 500 $aContiene: L'essenza del ritmo; Preludio alla caratterologia; La natura della coscienza 650 4$aAnima.$0(OLS)http://semarc/subject/1117 700 1 $aCantoni, Remo,$d<1914-1978>.$0(OLS)http://semarc/name/8141 700 1 $aDi Maio, Davide.$0(OLS)http://semarc/name/113974 730 02$aVom Wesen des Bewußtseins.$0(OLS)http://semarc/title/435449 730 02$aVorschule der Charakterkunde.$0(OLS)http://semarc/title/435448 730 02$aVom Wesen des Rhythmus.$0(OLS)http://semarc/title/435447 830 4$aGli anelli di Saturno ;$v4.$0(OLS)http://semarc/title/435446 850 $aSeMil 852 $aSeMil$W1$xVenegono$y1$m2P VII 448$j226531$B237314$CSeMilBibl$Z2$F237314 $81 996 $6020$a978-88-551-9074-9$9(OLS)http://semarc/number/293309 996 $6245$aL'anima e lo spirito$9(OLS)http://semarc/title/435445 996 $6264$aMilano :$bMeltemi$9(OLS)http://semarc/publisher/59666 LEADER 01064nam a2200229 i 4500 001 000000231746 003 CaOOAMICUS 005 20140811000000.0 008 140811s1732 it u000 u lat u 013 $a210649 026 $aumod eo8: i-os Psea (3) 1732 (R) 040 $aSeMil$bita 240 10$aPsalmi et Proverbia.$0(OLS)http://semarc/title/330832 245 10$aTomus 4. 300 $a[4], 791, [1] p., [1] carta di tav. :$bill. 500 $aSegn. : pigreco2 A-5D4 5E-5K2. 773 0 $aCalmet, Augustin $tCommentarius literalis in omnes libros Veteris et Novi Testamenti authore r.p.d. Augustino Calmèt ... Opus Gallicè primùm ab authore, nunc verò latinis literis traditum a Joanne Dominico Mansi ... Tomi primi pars 1. [-Tomus 8.].$dLucae : Typis Salvatoris et Jo: Dominici Marescandoli, 1730-1738.$g4$w()30292 850 $aSeMil 852 $aSeMil$W1$xVenegono$y1$m2V VI 19 FA$j182092$B182092$CSeMilBibl$Z2$F193133 $8I 941 1 $a10 961 $aRecupero: Mantegazza 996 $6245$aTomus 4$9(OLS)http://semarc/title/151236